| 000 | 02466cam0 2200397 ib4500 | ||
|---|---|---|---|
| 001 | BY-NLB-br0001096113 | ||
| 005 | 20260402103256.0 | ||
| 010 | ^a978-5-98156-536-6 | ||
| 100 | ^a20140707d2013 m y0rusy50 ca | ||
| 101 | 0 | ^arus | |
| 102 | ^aRU | ||
| 105 | ^ay z 010gy | ||
| 109 | ^ama | ||
| 181 | 0 | ^ai4 | |
| 182 | 0 | ^an | |
| 200 | 1 |
^aПролетарские поэты ^fсоставители, авторы вступительной статьи В. В. Ильин, О. А. Новикова |
|
| 203 |
^aТекст ^cнепосредственный |
||
| 210 | ^d2013 | ||
| 215 | ^a287 с. | ||
| 327 | 1 | ^aСодержание: авторы: А. М. Гмырев, В. Д. Александровский, В. Т. Кириллов, П. А. Арский (Афанасьев), С. Страдный (С. А. Смирнов) | |
| 345 | ^9800 экз. | ||
| 461 | 1 |
^12001 ^aСмоленская земля в памятниках русской словесности ^e[сборник ^fпод общей редакцией В. В. Ильина] ^vТ. 36 ^1010 ^a978-5-98156-366-9 ^bв переплете ^1210 ^aСмоленск ^cМаджента ^d2012—2013 ^1215 ^d22 см |
|
| 608 |
^3BY-NLB-ar32087 ^aСТИХОТВОРЕНИЕ ^2BYGNR |
||
| 686 |
^a83.3(2Рос) + 84(2Рос)6-5 ^2rubbk |
||
| 690 |
^a1 ^2Base ^9BY-MI0000 ^xRSEK |
||
| 702 | 1 |
^3BY-NLB-ar2674208 ^aИльин ^bВ. В. ^gВиктор Васильевич ^cдоктор филологических наук ^fрод. 1929 ^4220 ^4080 ^4340 |
|
| 702 | 1 |
^3BY-SEK-466150 ^aНовикова ^bО. А. ^gОксана Александровна ^cкандидат филологических наук ^fрод. 1971 ^4220 ^4080 |
|
| 801 | 0 |
^aBY ^bBY-HM0000 ^c20140707 ^gpsbo |
|
| 801 | 2 |
^aBY ^bBY-MI0000 ^c20260324 ^gRCR |
|
| 035 | ^a(BY-MI0000)BY-NLB-br0001096113 | ||
| 899 | 0 |
^aBY-MI0000 ^iС511 ^h83.3(2Рос) |
|